The Walking Dead Character Deaths - Statistics

General Stats
  • This quiz has been taken 902 times
    729 since last reset
  • The average score is 35 of 48
Answer Stats
Episode Role Cause of Death Character % Correct
1x4 "Vatos" Recurring Bit by a walker on the neck, shot by Andrea after reanimation. Amy Harrison
93%
3x4 "Killer Within" Main Dies while giving birth to Judith, shot by Carl to prevent reanimation. Lori Grimes
90%
2x7 "Pretty Much Dead Already" Recurring Bit by walker off screen, and put in Hershel's barn. Sophia Peletier
90%
2x12 "Better Angels" Main Stabbed in the stomach by Rick for betraying and trying to kill him. Shane Walsh
89%
1x6 "TS-19" Recurring Suicide, explosion at the C.D.C. Dr. Edwin Jenner
88%
1x5 "Wild Fire" Recurring Bit by walker, left behind by the group. Jim
88%
2x3 "Save the Last One" Recurring Shot by Shane while getting medicine for Carl. Otis
88%
2x11 "Jude, Jury, Executioner" Main Disembowelled by a walker, shot by Daryl to prevent reanimation. Dale Horvath
86%
3x4 "Killer Within" Recurring Bit by walker, then sacrifices his life to save Carol. Theodore Douglas
86%
4x8 "Too Far Gone" Main Decapitated by the Governor using Michonne's katana. Hershel Greene
85%
3x16 "Welcome to the Tombs" Main Trapped in a room by the Governor with Milton, bit by zombified Milton. Andrea Harrison
84%
6x16 "The Last Day on Earth" / 7x1 "The Day Will Come When You Won't Be" Main First victim of Negan's, head smashed in using Lucille. Abraham Ford
83%
7x1 "The Day Will Come When You Won't Be" Main Second victim of Negan's, head smashed in using Lucille. Glenn Rhee
83%
5x8 "Coda" Main Shot by officer Dawn Learner after she attempted to stab her with scissors. Beth Greene
82%
4x8 "Too Far Gone" Main Beat up by Rick, stabbed with katana by Michonne, shot in the head by Lilly. The Governor (Brian/Phillip Blake)
81%
5x3 "Four Walls and a Roof" Also Starring Bit by a walker, got his leg cut off by the cannibals, stabbed in the head by Tyresse to prevent reanimation. Bob Stookey
80%
1x6 "TS-19" Recurring Suicide, stayed behind with Dr. Edwin Jenner in explosion. Jacqui
80%
5x14 "Spend" Reccuring Fell through revolving door due to Nicholas, devoured by walkers. Noah
79%
5x9 "What's Happened and What's Going On" Main Bit by Noah's zombified brother and later dies of blood loss. Tyreese Williams
77%
3x15 "This Sorrowful Life" Main Shot by the Governor. Once zombified, stabbed in the head repeatedly by Daryl. Merle Dixon
76%
7x16 "The First Day of the Rest of Your Life" Main Suicide, ingestion of a cyanide tablet while held captive by Negan. Sasha Williams
76%
8x8 "How It's Gotta Be" Main Bit by a walker while with Siddiq, shot himself in the head to prevent reanimation. Carl Grimes
75%
4x14 "The Grove" Recurring Was deemed too mentally unstable by Carol who shot her in the back of the head. Lizzie Samuels
75%
2x12 "Better Angels" Recurring Murdered by Shane in the Woods Randall Culver
72%
9x15 "The Calm Before" Main Eight victim of Alpha's; decapitated and head put on pike. Enid
71%
9x15 "The Calm Before" Main Ninth victim of Alpha's; decapitated and head put on pike. Tara Chambler
71%
4x14 "The Grove" Recurring Stabbed in the chest by her sister, shot in the head by Carol to prevent reanimation. Mika Samuels
70%
6x3 "Thank You" Recurring Suicide, self inflicted gunshot to the head. Pushed Glenn off dumpster into zombie herd. Nicholas
70%
2x13 "Beside the Dying Fire" Recurring Devoured by walkers when the herd of zombies attacked Hershel's farm. Patricia
70%
6x14 "Twice as Far" Recurring Arrow through the eye by Dwight using Daryl's crossbow. Denise Cloyd
69%
9x1 "A New Beginning" Also Starring Old leader of the Hilltop, hung by Maggie after trying to kill her in order to become leader again. Gregory
69%
9x8 "Evolution" Main Unexpectedly stabbed in the back by a whisperer. Paul Rovia (Jesus)
69%
6x9 "No Way Out" Recurring Stabbed by Michonne after shooting Carl in the eye, then devoured by walkers. Ron Anderson
68%
6x9 "No Way Out" Recurring Devoured by walkers while covered with walker guts in an attempt to escape the herd. Sam Anderson
68%
6x9 "No Way Out" Also Starring Devoured by walkers after watching her son die, arm hacked off by Rick. Jessie Anderson
67%
9x15 "The Calm Before" Main Tenth victim of Alpha's; decapitated and head put on pike. Henry
66%
3x10 "Home" Recurring Shot in the head by the Governor next to Carol. Axel
65%
10x12 "Walk With Us" Main Slowly decapitated by Negan. Alpha
64%
10x16 "A Certain Doom" Main Stabbed in the eyes by Daryl and devoured by walkers. Beta
64%
5x3 "Four Walls and a Roof" Also Starring Hacked to death by Rick out of revenge for holding the his group captive. Gareth
64%
7x8 "Hearts Still Beating" Also Starring Disembowelled by Negan after trying to get appointed as the new leader of Alexandria. Spencer Monroe
64%
5x16 "Conquer" Recurring Shot in the head by Rick for killing Reg Monroe. Pete Anderson
61%
8x15 “Worth” Also Starring Strangled to death by Negan in a fight against him. Simon
61%
6x8 "Start to Finish" Also Starring Bit by a walker and later devoured when Alexandria was overrun by walkers Deanna Moroe
56%
3x8 "Made to Suffer" Recurring Shot in the side by Woodbury soldier while on a mission to free Glenn and Maggie. Oscar
53%
10x7 "Open Your Eyes" Main Strangled by Dante, a whisperer in disguise. Siddiq
53%
10x8 "The World Before" Recurring Stabbed repeatedly in the chest and back by Gabriel. Dante
38%
10x12 "Walk With Us" Recurring Disemboweled by Beta and later shot with an arrow by Alden. Mary / Gamma
33%
No matching quizzes found
Score Distribution
Percent of People with Each Score
Percentile by Number Answered
Your Score History
You have not taken this quiz since the last reset